| 000 | 00523nam a2200193 a 4500 | ||
|---|---|---|---|
| 005 | 20140310183447.0 | ||
| 008 | 081204s19uu xx 00 eng d | ||
| 020 | _a9780538443951 | ||
| 050 |
_aHF 5387 _b.G668 2007 |
||
| 100 | _aGoree, Keith | ||
| 245 |
_aEthics in the workplace / _cGoree, Keith |
||
| 250 | _a2nd ed. | ||
| 260 |
_aAustralia : _bThomson- South-Western, _c2007. |
||
| 300 |
_a226 p. : _bcol. ill. ; _c28 cm. |
||
| 521 | _aBSBA | ||
| 650 | _aBusiness ethics. | ||
| 942 |
_cBK _2lcc _kFOR |
||
| 999 |
_c23278 _d23278 |
||